000 00620nam a2200217 i 4500
001 37606
003 ES-MaACL
005 20250814084551.0
007 t|
008 030221s1970 sp ||||1| spa d
100 1 _aBurch, Noël.
_932579
245 1 0 _aPraxis del cine /
_cNoël Burch ; [traducción, Ramón Font].
260 _aMadrid :
_bFundamentos,
_c[1970]
300 _a188 p. ;
_c20 cm.
490 1 _aArte.
_aSerie cine ;
_v2
650 0 7 _aCine
_2embne
_911010
700 1 _aFont, Ramón.
_951547
830 1 _aArte.
_aCine
_v2
_9182700
852 _aES-MaACL
_jC-40103
999 _c37606
_d37606